[Event "17th Asian Continental-ch Open 2018"]
[Site "Makati City"]
[Date "2018.12.12"]
[Round "3.19"]
[White "Liu, Yan"]
[Black "Quizon, Daniel"]
[Result "1-0"]
[WhiteElo "2495"]
[BlackElo "2314"]
[Annotator "TA"]
[PlyCount "69"]
[EventDate "2018.12.07"]
[EventType "swiss"]
[EventRounds "9"]
[EventCountry "PHI"]

{[%evp 24,69,18,40,59,41,61,32,26,36,41,39,55,54,66,71,62,68,69,74,63,55,56,50,82,82,79,63,48,17,88,64,100,94,68,68,133,-71,-79,-112,-114,-121,340,274,619,628,29989,29990]} 1. Nf3 Nf6 2. c4 g6 3. g3 Bg7 4. Bg2 d6 5. d4 O-O 6. O-O c5 7. b3 Nc6 8. Bb2 Ne4 9. e3 Bg4 10. Qc2 Bf5 (10... Bxf3 11. Bxf3 Ng5 12. Bxc6 bxc6 13. dxc5 Bxb2 14. Qxb2 dxc5 15. Nc3 Qd3 16. Rad1 Qf5 17. Qe2 Rad8 18. h4 Ne4 19. Nxe4 Qxe4 20. Rxd8 Rxd8 21. Rd1 {½-½ (21) Tomashevsky,E (2710)-Yuffa,D (2527) Sochi 2017}) 11. Qe2 Bg4 12. Qc2 Bf5 {E60: King's Indian: Unusual lines and Fianchetto Variation without Nc3} 13. Qc1 {LiveBook: 8 Games} Nf6 14. Nh4 $146 ({Predecessor:} 14. Rd1 Qc8 15. d5 Nb4 16. Ne1 h5 17. a3 Na6 18. Nd2 Rb8 19. a4 e5 20. dxe6 Qxe6 {1-0 (40) Vukic,M (2455)-Damljanovic,B (2525) Brezovica 1988}) 14... Be4 {White is slightly better.} 15. d5 Bxg2 16. Nxg2 Na5 17. Nd2 b5 18. e4 bxc4 19. bxc4 Rb8 {White must now prevent ...Rxb2!} 20. Bc3 Nd7 21. Bxg7 Kxg7 22. Qc3+ Kg8 23. f4 {[%cal Bf2f4,Bf4e5][%mdl 32]} Qb6 24. Rab1 Qc7 25. Rbe1 Qb6 26. e5 dxe5 (26... Qb4 $11 27. Qd3 dxe5) 27. fxe5 $16 Qb4 {[#]} 28. Qd3 $1 $36 {[%mdl 2048] White is on the roll.} Qb2 $1 {[%csl LRa2,LRe5]} 29. Nf3 $1 {Strongly threatening Nf4.} Qxa2 {[#]} 30. Ra1 $2 (30. e6 $1 $16 {[%cal Re6d7] and life is bright.} fxe6 31. Qe4) 30... Qxc4 $17 31. Qd2 Nb3 $1 {[%csl LRa1,LRd2] [#]} 32. Qh6 $1 {[%mdl 512] White wants to mate with Ng5!} Qg4 $2 {[%mdl 8192]} ({And not} 32... Nxa1 33. Ng5 Nf6 34. exf6 Qxf1+ 35. Kxf1 Rb1+ 36. Ne1 Rxe1+ 37. Kxe1 Nc2+ 38. Kd2 exf6 39. Qxh7#) (32... f6 $17 {stays on course.} 33. Ne3 Qe4 34. exf6 Rxf6 35. Qxh7+ Kxh7 36. Ng5+ Kh6 37. Nxe4 Rxf1+ 38. Rxf1 Rb4) 33. Rxa7 Rbd8 $2 ({But not} 33... Nd4 34. Ng5) (33... Nxe5 34. Nxe5 Qd4+ 35. Qe3 Nd2) 34. Nf4 $18 ({Weaker is} 34. Ng5 Qh5 $18) 34... g5 35. Nh5 {Precision: White = 47%, Black = 37%.} 1-0

[Event "17th Asian Continental-ch Open 2018"]
[Site "Makati City"]
[Date "2018.12.12"]
[Round "3.20"]
[White "Nava, Roderick"]
[Black "Priasmoro, Novendra"]
[Result "1-0"]
[WhiteElo "2392"]
[BlackElo "2483"]
[Annotator "RC"]
[PlyCount "57"]
[EventDate "2018.12.07"]
[EventType "swiss"]
[EventRounds "9"]
[EventCountry "PHI"]
[TimeControl "40/5400+30:1800+30"]

1. d4 Nf6 2. c4 g6 3. Nc3 Bg7 4. e4 d6 5. h3 O-O 6. Be3 c5 7. d5 e6 8. Bd3 exd5 9. exd5 Na6 10. Nf3 Nc7 11. a4 Rb8 12. O-O a6 13. a5 b5 14. axb6 Rxb6 15. Qd2 Bd7 16. Bh6 Bxh6 17. Qxh6 Rxb2 18. Ng5 Bf5 19. Bxf5 gxf5 20. Nd1 Re2 21. Ne3 Nce8 22. Nxf5 Qd7 23. Ng3 Re5 24. Ra3 Qe7 25. f4 Rxg5 26. fxg5 Nd7 27. Nf5 Qe2 28. Re3 Qb2 29. Re4 1-0

[Event "17th Asian Continental-ch Open 2018"]
[Site "Makati City"]
[Date "2018.12.12"]
[Round "3.21"]
[White "De Guzman, Ricardo"]
[Black "Vokhidov, Shamsiddin"]
[Result "1/2-1/2"]
[WhiteElo "2357"]
[BlackElo "2480"]
[Annotator "TA"]
[PlyCount "170"]
[EventDate "2018.12.07"]
[EventType "swiss"]
[EventRounds "9"]
[EventCountry "PHI"]

{[%evp 14,170,20,21,16,24,26,10,17,18,20,10,21,16,18,10,12,9,33,0,0,-14,-14,-25,-39,-44,0,0,85,74,68,-15,-15,-19,-8,-9,-10,-13,-5,-16,0,-25,-27,-39,-37,-25,0,0,0,0,0,0,75,0,16,-14,-23,-29,0,0,110,108,397,44,40,39,37,39,245,245,240,232,244,243,216,226,247,235,257,229,227,225,236,235,231,229,210,143,143,71,71,20,20,20,20,0,20,16,24,24,24,24,24,24,24,20,15,0,8,0,0,0,7,7,7,7,8,8,8,8,8,8,8,8,8,8,8,8,8,8,8,8,8,8,8,8,8,0,0,0,8,0,8,7,8,8,8,0,8,0,8,8,8,0,8,0,0,0,0]} 1. d4 e6 2. Nf3 c5 3. c3 Nf6 4. Bg5 Qb6 5. Qc1 (5. Qb3 Nc6 6. e3 d5 7. Nbd2 Nh5 8. Bh4 h6 9. g4 Nf6 10. h3 Bd6 11. Rg1 Bd7 12. Bg3 Bxg3 13. Rxg3 cxd4 14. Qxb6 axb6 15. exd4 {½-½ (31) Wang,C (2514)-Wang,H (2732) China 2016}) 5... cxd4 6. Bxf6 {A46: 1 d4 Nf6 2 Nf3 e6: Torre, London and Colle Systems} gxf6 7. cxd4 Nc6 8. e3 {LiveBook: 5 Games} f5 $146 ({Predecessor:} 8... d5 9. Be2 Bd7 10. O-O Rc8 11. Nc3 Bb4 12. Qd2 Na5 13. Rac1 Nc4 14. Bxc4 Rxc4 {½-½ (61) Aikhoje,O (2260)-Spence,D (2198) Brentwood 2008}) 9. Nc3 Bg7 10. Bd3 d6 11. O-O Bd7 12. a3 O-O 13. Qd2 Rac8 14. b4 Ne7 15. Rac1 Rc7 16. Ne2 (16. b5 $5 {[%cal Rc3a4]} Rcc8 17. Rfd1 $11) 16... Bc6 17. Ng3 Bh6 18. Qe2 Rfc8 19. Ra1 Kh8 20. Nd2 {Hoping for Nc4.} Bd5 (20... Be8 $11 {keeps the balance.}) 21. Qh5 $16 {[%mdl 64] Double Attack} Bg7 22. Nf3 (22. e4 $14) 22... Ng8 $11 23. Ng5 {[%csl Gg5][%cal Rh5h7]} Nf6 24. Qh4 Kg8 25. Nh3 Bc4 26. Bxc4 Rxc4 27. Nf4 Qd8 28. Rfd1 Rc2 29. Nd3 Qb6 30. h3 h6 31. Nh5 Nxh5 32. Qxh5 R8c3 (32... d5 $11) 33. Nf4 (33. Ne1 $1 $16) 33... Qd8 34. Qf3 d5 35. Kh1 Kh8 36. Rg1 Rb3 (36... Qf6 $11 {remains equal.}) 37. g4 $1 $16 {[%cal Bg2g4,Bg4f5,Bf5f6][%mdl 32] Black must now prevent gxf5.} Bxd4 $2 {[%mdl 8192] [#]} (37... Qh4 $16 38. Raf1 Qg5) 38. Qd1 $2 ({White must play} 38. gxf5 $1 $18 e5 39. Rad1 exf4 40. Rxd4 {[%mdl 64] Double Attack}) 38... Bxa1 $14 39. Qxc2 Rxa3 {...fxg4 is the strong threat.} 40. gxf5 e5 $2 {[#]} (40... exf5 $14 41. Qxf5 {[%mdl 64] Double Attack} Qe8) 41. f6 $1 $18 {[%mdl 512] White wants to mate with Ng6+!} Ra6 {intending ...Rc6.} (41... exf4 $2 42. Rg7 $18) (41... Qxf6 42. Qc8+) 42. Rg7 {[%csl Gg7][%cal Rc2h7]} e4 43. Rxf7 {Intending Ng6+ and mate.} Rxf6 44. Rc7 ({Don't take} 44. Rxb7 $6 Be5 $16) 44... Qd6 45. Rxb7 Rf8 46. Qc7 ({Less strong is} 46. Rxa7 Be5 $14) 46... Qxc7 47. Rxc7 {[%mdl 4096] Endgame KRB-KRN} Rf6 48. Rxa7 ({Resist} 48. Nxd5 $6 Rxf2 49. Rxa7 Be5) 48... Be5 49. Nxd5 Rxf2 50. Re7 Rf5 51. Re6 ({White should try} 51. Rd7) 51... Kg7 $16 52. Ne7 ({White should play} 52. Kg2 $16) 52... Rh5 $1 $11 {aiming for ...Kf7.} 53. Nc6 Rxh3+ 54. Kg2 Rg3+ 55. Kf2 Rf3+ 56. Ke2 Bg3 57. Rxe4 Rf2+ 58. Kd3 {Threatens to win with Rg4+.} h5 59. b5 {[%cal Bb4b5,Bb5b6][%mdl 32]} h4 {The position is equal.} 60. b6 Rf6 61. b7 Rxc6 {KRB-KR} 62. Rg4+ Kf6 {[#]} 63. Rxg3 $1 {[%mdl 512] KR-KR} Rb6 $132 {[%mdl 2048] Black is not holding back} (63... hxg3 64. b8=Q) 64. Rg4 Rxb7 65. Rxh4 Rb3+ 66. Ke2 Rb5 67. Kf3 Ke6 68. Rh6+ Ke7 69. Kf4 Rb4+ 70. e4 Rb5 71. Ra6 Rc5 72. Ke3 Rb5 73. Rc6 Ra5 74. Kd4 Kd7 75. Rc4 (75. Rb6 {feels hotter.} Ke7 76. Ke3 Ra3+ 77. Ke2 Ra2+ 78. Kf3) 75... Kd6 76. Rb4 Kd7 77. Ke3 Ke6 78. Kf4 Kf6 79. Rb6+ Ke7 80. Rh6 Kf7 81. Rb6 Ke7 82. Rb7+ Ke6 83. Rb2 Ke7 84. e5 Ra1 85. Rb7+ Ke6 {Accuracy: White = 47%, Black = 59%.} 1/2-1/2

[Event "17th Asian Continental-ch Open 2018"]
[Site "Makati City"]
[Date "2018.12.12"]
[Round "3.22"]
[White "Concio, Michael Jr."]
[Black "Taher, Yoseph Theolifus"]
[Result "1/2-1/2"]
[WhiteElo "2034"]
[BlackElo "2454"]
[Annotator "TA"]
[PlyCount "85"]
[EventDate "2018.12.07"]
[EventType "swiss"]
[EventRounds "9"]
[EventCountry "PHI"]

{[%evp 15,85,60,70,29,40,16,37,4,11,-7,13,-46,-22,-47,-51,-50,-28,-23,7,21,8,-6,-12,-12,-14,-14,-30,-33,46,39,117,62,91,75,83,68,79,0,0,0,0,0,2,0,0,0,0,0,0,0,0,-3,0,0,0,0,0,0,0,-22,-10,-28,-20,-26,0,-12,0,-12,0,0,0,0]} 1. d4 Nf6 2. c4 e6 3. Nf3 b6 4. e3 Bb7 5. Bd3 g6 6. Nc3 {E14: Queen's Indian: Classical Variation (4 e3)} Bg7 7. e4 d6 8. O-O Nbd7 {LiveBook: 13 Games} 9. b3 O-O 10. Bb2 e5 (10... c5 11. d5 e5 12. Re1 Nh5 13. g3 {1-0 (58) Nakamura,H (2791)-Vachier Lagrave,M (2819) chess.com INT 2016}) 11. dxe5 $146 ({Predecessor:} 11. d5 Nh5 12. Bc2 Bh6 13. b4 Ng7 {1-0 (41) Olaizola Ortega,L (2283)-Fernandez,E (2277) Barcelona 2000}) 11... dxe5 12. b4 Nh5 13. Ne2 ({White should play} 13. Qd2 $11) 13... Re8 14. Qc2 Qe7 15. a3 Nf8 16. c5 Bc8 17. Bb5 Rd8 18. h3 bxc5 19. bxc5 Rb8 20. a4 a6 21. Bc4 Ne6 (21... Be6 $15 22. Bxa6 Bxh3) 22. Bxe5 $14 Qxc5 (22... Nxc5 $14 23. Ned4 Bb7 24. Bxg7 Nxg7) 23. Bxg7 (23. Qc3 $16) 23... Nhxg7 24. Rac1 Qa3 25. Rb1 Bd7 26. Bxa6 (26. Rxb8 $16 Rxb8 27. Nc3 (27. Bxa6 Bxa4 28. Qc1 Qd6 $11)) 26... Bxa4 $11 27. Qc3 Qxc3 28. Nxc3 Bb3 29. Ne5 Nd4 30. Bc4 Bxc4 31. Nxc4 Nge6 32. Rxb8 Rxb8 33. Rb1 Rd8 34. Ne3 Ra8 35. Nc4 Ra6 36. Nd5 Kg7 37. e5 Ra4 38. Nde3 h5 39. h4 Nf4 40. Kh2 {The position is equal.} Nde6 41. Rb8 Nd5 42. Nxd5 {[#] aiming for Nde3.} Rxc4 43. f4 $1 {Precision: White = 46%, Black = 38%.} 1/2-1/2

[Event "17th Asian Continental-ch Open 2018"]
[Site "Makati City"]
[Date "2018.12.12"]
[Round "3.23"]
[White "Wang, Hao"]
[Black "Wang, Shixu B"]
[Result "1-0"]
[WhiteElo "2730"]
[BlackElo "2342"]
[Annotator "TA"]
[PlyCount "117"]
[EventDate "2018.12.07"]
[EventType "swiss"]
[EventRounds "9"]
[EventCountry "PHI"]

{[%evp 20,117,32,13,27,12,29,13,27,15,13,17,39,0,8,8,10,0,0,-3,-24,-29,-20,-20,0,0,0,0,0,0,0,0,0,0,38,40,34,34,53,48,91,112,233,78,97,70,98,82,80,62,89,-53,31,31,33,29,35,35,37,0,52,52,52,52,52,52,52,53,92,0,59,0,42,28,172,166,129,102,111,104,90,0,126,75,135,206,799,782,723,775,962,938,1009,997,1304,1254,2991,2504,2036,1878]} 1. e4 e5 2. Nf3 Nc6 3. Bc4 Nf6 4. d3 Be7 5. O-O O-O 6. Re1 d6 7. a4 {[%cal Ba2a4,Ba4a5][%mdl 32]} Be6 8. a5 a6 9. Nbd2 Qd7 10. c3 {C55: Two Knights: 4 d3, 4 d4 exd4 5 e5 and Max Lange Attack} (10. Bb3 Bxb3 11. Nxb3 d5 12. exd5 Qxd5 13. c4 Qd6 14. Be3 Qd7 15. d4 exd4 16. Nfxd4 Bb4 17. Rf1 Rfe8 {1-0 (38) Hector,J (2556)-Grandelius,N (2658) Lund 2018}) 10... Rfe8 11. Qb3 {LiveBook: 7 Games} Rab8 12. Nf1 {White has an edge.} Bxc4 13. dxc4 $146 ({Predecessor:} 13. Qxc4 Qe6 14. Qxe6 fxe6 15. Bd2 Rbd8 16. Ng3 d5 17. Reb1 {½-½ (40) Ljubicic,A (2501)-Sergiev,S (2341) ICCF email 2010}) 13... Nd8 14. Qc2 Ne6 15. Ne3 g6 16. b3 c6 17. Nf1 Bd8 18. Rd1 Qe7 19. Ba3 Bc7 20. Rd2 Rbd8 21. Rad1 Nc5 22. Ng3 h6 23. h3 Kg7 24. Qb1 Rd7 25. b4 {[%cal Bb3b4,Bb4b5,Bb5b6][%mdl 32]} Ne6 26. b5 c5 27. b6 Bd8 28. Qc2 Nf8 29. Nh4 Qe6 30. Rxd6 Qxc4 (30... Rxd6 $16 {was necessary.} 31. Nhf5+ (31. Rxd6 Qxc4 32. Qd2 Ne6 $16) 31... gxf5 32. Nxf5+ Kg8 33. Nxd6 Be7 34. Nxe8 Nxe8) 31. Qc1 $2 (31. Nhf5+ $18 {is more deadly.} gxf5 32. Nxf5+ Kg8 33. Nxh6+ Kh8 34. Nf5 Rxd6 35. Nxd6) 31... Rxd6 $16 {[#]} 32. Nhf5+ $1 {[%mdl 512]} gxf5 33. Nxf5+ {[%mdl 64] Double Attack} Kg8 34. Nxd6 Qa4 {Strongly threatening ...Be7.} 35. Bxc5 (35. Nxe8 $16 Qxe8 36. Bxc5) 35... Ne6 ({Black should play} 35... Nxe4 $15 36. Nxe8 Bg5) 36. Nxe8 $14 Nxe8 37. Bb4 Bg5 38. Qb1 Nf6 39. Rd6 Kg7 (39... h5 $11) 40. g3 {And now h4 would win.} h5 $1 41. h4 Bh6 42. Kg2 Qb5 43. Qd3 {aiming for Qxb5.} Qa4 44. Qb1 Qb5 45. Qa2 (45. Qf1 $14 Qe8 46. Qc4) 45... Nf8 46. Kg1 Ng6 (46... Ne6 $11 {and Black is okay.}) 47. Qc2 $18 Qc4 48. Qd3 $36 {[%mdl 2048] White is really pushing.} Qa2 49. Qf3 Qb1+ 50. Kg2 (50. Rd1 $16 Qc2 51. Rd3) 50... Bf4 (50... Nxe4 $11 51. Rd7 Nf6) 51. Qe2 (51. Qd3 $142 Qa2 52. Kf1 (52. Rxf6 Kxf6 53. Qf3 {[%mdl 64] Pin} Qb1 $11)) 51... Bh6 (51... Nxe4 $142 52. Rxg6+ Kxg6 53. gxf4 exf4) 52. Rd8 (52. Rd1 $16 Qb3 53. Rd6) 52... Ng4 $2 (52... Bf4 53. Rd1 Qb3) 53. Rd1 {White is clearly winning.} Qb3 54. Rd7 Qb1 55. Bc5 Bf4 56. Rxb7 Nf6 57. Qc4 Kh6 58. Qxf7 {[%csl Gb7][%cal Rf7g7]} Qxe4+ {[#]} 59. f3 $1 {Accuracy: White = 52%, Black = 35%.} 1-0

[Event "17th Asian Continental-ch Open 2018"]
[Site "Makati City"]
[Date "2018.12.12"]
[Round "3.24"]
[White "Ghaem Maghami, Ehsan"]
[Black "Jacutina, John Merill"]
[Result "1/2-1/2"]
[WhiteElo "2537"]
[BlackElo "2296"]
[Annotator "TA"]
[PlyCount "84"]
[EventDate "2018.12.07"]
[EventType "swiss"]
[EventRounds "9"]
[EventCountry "PHI"]

{[%evp 9,84,41,37,0,0,0,0,0,0,0,61,-23,0,9,14,6,13,16,21,15,20,20,20,20,20,20,18,16,15,12,18,19,30,16,42,0,0,0,0,0,0,0,0,0,16,11,8,8,20,0,0,0,0,0,0,0,0,0,0,0,0,0,0,0,0,0,0,0,0,0,0,-14,-7,-11,-11,-22,-22]} 1. e4 d5 2. exd5 Nf6 3. Bb5+ Nbd7 4. c4 a6 5. Bxd7+ Qxd7 {LiveBook: 18 Games} 6. Nf3 {B01: Scandinavian Defence} (6. d4 c6 7. Nf3 cxd5 8. Ne5 Qf5 9. O-O dxc4 10. Nc3 b5 11. b3 h5 12. bxc4 e6 13. cxb5 Ng4 {1-0 (25) Li,C (2613)-Smerdon,D (2530) Parramatta 2010}) 6... Qg4 7. d3 Qxg2 8. Rg1 Qh3 9. Nc3 e6 $146 (9... Nh5 $11) ({Predecessor:} 9... c6 10. dxc6 bxc6 11. Qe2 h6 12. Bd2 Bf5 13. O-O-O e6 {0-1 (30) Canfell,G (2325)-Smerdon,D (2403) Melbourne 2004}) 10. Bg5 (10. Qe2 $14) 10... Bd7 11. Qe2 O-O-O 12. Rg3 Qh5 $1 {Strongly threatening ...exd5.} 13. Ne5 Qxe2+ 14. Kxe2 Be8 $1 {[%cal Re6d5]} 15. Ng4 Nh5 {[#] ...f6 is the strong threat.} 16. Bxd8 {Black must now prevent Bg5.} Nxg3+ 17. hxg3 {aiming for Bg5.} Kxd8 18. dxe6 fxe6 19. Ne4 Be7 20. Rh1 h5 21. Ne5 g5 22. f4 Rg8 {The position is equal.} 23. fxg5 Bxg5 24. d4 Be7 25. Kf2 Rf8+ 26. Ke3 Bd6 27. Nd3 Rg8 28. Rh3 Bg6 29. Nxd6 cxd6 $11 {[%mdl 4096] Endgame KRB-KRN} 30. Nf4 Bf5 31. Rxh5 Rxg3+ 32. Kf2 Rg4 33. Ke3 Rg3+ 34. Kf2 Rg4 35. Ke3 Rg3+ 36. Kf2 Rg4 37. Ke3 Rg3+ 38. Kf2 Rg4 39. Kf3 Rg8 {[#] Hoping for ...Bg4+.} 40. Rh6 Kd7 41. b4 Rg1 42. c5 d5 {Accuracy: White = 63%, Black = 73%.} 1/2-1/2

[Event "17th Asian Continental-ch Open 2018"]
[Site "Makati City"]
[Date "2018.12.12"]
[Round "3.25"]
[White "Song, Yuxin"]
[Black "Laylo, Darwin"]
[Result "1/2-1/2"]
[WhiteElo "2206"]
[BlackElo "2438"]
[Annotator "TA"]
[PlyCount "179"]
[EventDate "2018.12.07"]
[EventType "swiss"]
[EventRounds "9"]
[EventCountry "PHI"]

{[%evp 17,179,45,58,32,39,19,35,14,12,10,26,14,26,20,41,25,58,21,76,9,2,3,14,0,0,0,-4,-27,-27,-36,0,-29,-29,-29,-22,-29,-25,-58,-57,-95,-50,-40,-44,-36,0,0,0,0,0,0,0,0,0,0,0,0,0,0,0,0,0,0,0,0,0,0,0,0,0,-11,0,0,41,0,0,0,0,0,0,0,0,0,0,0,0,0,0,0,0,0,0,0,0,0,0,0,0,0,0,0,0,0,8,0,0,0,10,0,87,0,0,0,0,0,0,0,0,0,0,0,0,0,0,0,0,0,0,0,0,0,0,-16,-16,-16,-14,-2068,-1616,-1256,-1252,-1462,-147,-147,-147,-145,-145,-146,-147,-185,-147,-182,-177,-222,-166,-501,-17,-18,0,0,0,0,0,0,0,0]} 1. e4 c6 2. d4 d5 3. Nd2 g6 4. Ngf3 Bg7 5. c3 Nd7 6. Bd3 dxe4 7. Nxe4 Ngf6 8. O-O {B12: Caro-Kann: Advance Variation} O-O 9. Nxf6+ (9. h3 Nxe4 10. Bxe4 a5 11. a4 Qc7 12. Be3 Nf6 13. Bd3 Nd5 14. Bd2 Rd8 15. Qe2 Bf6 16. Ne5 c5 17. Rac1 cxd4 18. cxd4 Qd6 19. Nc4 Qd7 20. Bxa5 Rf8 21. Be4 e6 22. Bxd5 Qxd5 23. Bb4 Bxd4 24. Bxf8 Kxf8 25. Rfd1 Rb8 26. Nb6 {1-0 (26) Lagno,K (2529)-Khotenashvili,B (2502) Huaian 2016}) 9... Nxf6 {LiveBook: 14 Games} 10. Bf4 {White is slightly better.} Qb6 11. Qc2 c5 12. dxc5 Qxc5 13. h3 $146 ({Predecessor:} 13. Rfe1 Be6 {½-½ (30) Manfroi,A (1852)-Lantini,M (2128) Montesilvano 2013}) 13... Nd5 14. Bg3 b6 15. Rfe1 Bb7 16. Rad1 Rac8 17. Qe2 Rfe8 (17... Rfd8 $11 {keeps the balance.}) 18. Ba6 (18. Bb5 $16) 18... Bxa6 $1 $11 19. Qxa6 b5 20. Ne5 Qb6 $1 {[%cal Rb6a6]} 21. Qxb6 Nxb6 22. Re2 e6 23. f4 a5 24. Rd6 (24. Bf2 $5 {[%cal Rf2b6]} Nd5 25. Rd4 $11) 24... Nd5 25. Rd7 Re7 26. Rxe7 Nxe7 27. Rd2 Nd5 28. Kf2 h5 29. Kf3 Bxe5 30. fxe5 $15 {[%mdl 4096] Endgame KRB-KRN} Rc4 (30... g5 {is more complex.} 31. Bf2 Kh7 32. g4 Kg6 33. a3 Rh8) 31. Rd4 Rxd4 32. cxd4 $11 {KB-KN} Kf8 33. Be1 a4 34. a3 Ke7 35. Ke4 Kd7 36. g4 hxg4 37. hxg4 Kc6 38. Bb4 Nb6 39. Ba5 {Hoping for Bxb6.} Nc4 40. Bc3 g5 41. d5+ $1 exd5+ 42. Kd4 Nb6 {Threatens to win with ...Nc4.} 43. Bb4 Nd7 44. Be7 Nb8 45. Bb4 Nd7 46. Be7 Nb6 47. Bxg5 Nc4 48. Bc1 Na5 49. Be3 Nb3+ 50. Kc3 Kd7 51. Bf2 Ke7 52. Be3 Ke6 53. Bd4 Kd7 54. Bf2 Ke8 55. Bg1 Kf8 56. Bf2 Ke7 57. Be3 Kd8 58. Bb6+ Kc8 59. Be3 Kc7 60. Bg1 Kc6 61. Be3 Na5 62. Bd4 Nb7 {[#]} (62... Kd7 $11) 63. Kb4 (63. e6 $1 $16 {[%cal Re6f7]} fxe6 64. g5) 63... Nd8 64. Kc3 Ne6 65. Kd3 Ng5 66. Kc3 Ne4+ 67. Kd3 Ng5 68. Kc3 Nf3 69. Kd3 Nh2 70. Ke3 Nxg4+ 71. Kf4 Nh6 72. Kg5 Ng8 73. Kf5 Kd7 74. Bc5 Ne7+ 75. Kf6 Nc6 {next ...d4 is good for Black.} 76. Kxf7 $2 {[%mdl 8192]} (76. Bf2 $11) 76... Nxe5+ $19 77. Kf6 Kc6 78. Ba7 {[#]} Nd7+ $2 (78... Nd3 $1 $19 {has better winning chances.} 79. Bd4 b4 80. axb4 Kb5) 79. Ke6 $17 Nc5+ 80. Ke5 Nd3+ {[%mdl 64] Double Attack} 81. Kd4 Nxb2 82. Bc5 {[#]} Nd3 $1 {[%mdl 512]} 83. Be7 (83. Kxd3 Kxc5) 83... Nc1 84. Kc3 Nb3 {And now ...d4+ would win.} 85. Bf6 d4+ $2 ({Better is} 85... Kc5 $19 86. Be7+ Kb6) 86. Bxd4 $11 {The position is equal.} Nxd4 87. Kxd4 Kd6 88. Kd3 Kd5 89. Kc3 $1 Kc5 90. Kd3 {Accuracy: White = 62%, Black = 51%.} 1/2-1/2

[Event "17th Asian Continental-ch Open 2018"]
[Site "Makati City"]
[Date "2018.12.12"]
[Round "3.26"]
[White "Antonio, Rogelio Jr"]
[Black "Nouri, Alekhine"]
[Result "1-0"]
[WhiteElo "2431"]
[BlackElo "2013"]
[Annotator "TA"]
[PlyCount "73"]
[EventDate "2018.12.07"]
[EventType "swiss"]
[EventRounds "9"]
[EventCountry "PHI"]

{[%evp 12,73,24,-6,-3,-20,21,-18,91,60,76,82,104,62,66,61,71,43,67,64,66,45,92,72,92,86,97,55,160,162,178,169,166,167,157,170,180,180,181,184,238,212,236,214,382,359,380,355,408,409,401,403,391,380,480,476,473,458,488,492,706,687,671,590]} 1. e4 c5 2. Nf3 d6 3. Bb5+ Nd7 4. a4 a6 (4... Ngf6 5. Nc3 a6 6. Bc4 b6 7. O-O Bb7 8. Re1 Qc8 9. d3 g6 10. Bg5 Bg7 11. Qd2 O-O 12. Bh6 Bc6 13. Nd5 {0-1 (55) Jones,G (2677)-Xiong,J (2651) chess.com INT 2018}) 5. Bc4 Ngf6 6. d3 {B51: Sicilian: Moscow Variation (3 Bb5+) without 3...Bd7} e6 7. Nc3 {LiveBook: 4 Games} Be7 8. a5 {The position is equal.} h6 $146 ({Predecessor:} 8... Qc7 9. Bd2 O-O 10. O-O b5 11. axb6 Nxb6 12. Ba2 Bb7 13. Re1 {0-1 (46) Ivanov,A (2311)-Dzhagarov,R (2146) Voronezh 2007}) 9. h3 g5 (9... Nb8 $11) 10. Qe2 b5 11. axb6 $1 Nxb6 12. Ba2 Bb7 13. Bd2 Nfd7 14. Nd1 Bf6 15. Ba5 Qb8 16. c3 Bc6 17. Ne3 Ra7 18. O-O Rb7 19. Rfb1 Na4 {[#]} (19... O-O $14) 20. Bd5 $1 $16 {[%cal Rd5c6]} Bxd5 21. Nxd5 exd5 22. exd5+ ({Reject} 22. Rxa4 $6 dxe4 23. Qxe4+ (23. Rxe4+ Kf8 $11) 23... Kf8 $14) 22... Kf8 {Hoping for ...Nxc3!} 23. Rxa4 Kg7 24. Qc2 Re8 25. Nd2 {[%cal Bf3d2,Bd2e4,Be4g3,Bg3f5][%mdl 32]} Rb5 (25... Kg8 $142 26. b4 Be5) 26. Ne4 Be5 27. c4 f5 $2 {[#]} (27... Rxb2 28. Rxb2 Qxb2 29. Qxb2 Bxb2 30. Nxd6 Ra8) 28. Ng3 $18 ({Weaker is} 28. cxb5 axb5 29. d4 fxe4 $18) 28... Rxb2 29. Nxf5+ Kg6 30. Rxb2 Qxb2 31. Qxb2 Bxb2 32. Nxd6 Re2 33. Kf1 {White is clearly winning.} Rc2 34. Ne4 Bd4 35. Bd2 Ne5 (35... Nf6 $142 36. Rxa6 Kg7 37. Nxf6 Rxd2) 36. Rxa6+ Kf7 37. Ke2 {Accuracy: White = 58%, Black = 35%.} 1-0

[Event "17th Asian Continental-ch Open 2018"]
[Site "Makati City"]
[Date "2018.12.12"]
[Round "3.27"]
[White "Turqueza, Mari Joseph"]
[Black "Docena, Jerad"]
[Result "1-0"]
[WhiteElo "2305"]
[BlackElo "2426"]
[PlyCount "73"]
[EventDate "2018.12.07"]
[EventType "swiss"]
[EventRounds "9"]
[EventCountry "PHI"]
[TimeControl "40/5400+30:1800+30"]

1. d4 Nf6 2. c4 e6 3. Nf3 Bb4+ 4. Nbd2 O-O 5. a3 Be7 6. e4 d6 7. b4 e5 8. Bb2 exd4 9. Nxd4 Re8 10. Bd3 Nc6 11. O-O Nxd4 12. Bxd4 Nd7 13. f4 Bf6 14. Nf3 b6 15. e5 dxe5 16. Be4 exd4 17. Bxa8 Nf8 18. Bc6 Re6 19. b5 Ng6 20. f5 Rxc6 21. fxg6 Rc5 22. gxf7+ Kxf7 23. Nxd4 Kg8 24. Nc6 Qxd1 25. Raxd1 Be6 26. Rfe1 Kf7 27. Nxa7 Rxc4 28. Rc1 Bc3 29. Nc6 Kf6 30. Rf1+ Kg5 31. Kh1 Bd5 32. Rfd1 Be6 33. a4 Bf6 34. Rxc4 Bxc4 35. Rd7 Bb3 36. a5 bxa5 37. Nxa5 1-0